| 000 | 00495nam a2200193 a 4500 | ||
|---|---|---|---|
| 005 | 20210223120704.0 | ||
| 008 | 991125s1986 es 000 0 spa u | ||
| 020 | _a8420514063 | ||
| 035 | _aUPN01000005540 | ||
| 049 | _aCG | ||
| 050 | 4 |
_aGV877 _bZ8.3 |
|
| 100 | 1 | _aZúñiga Peña, Rafael | |
| 245 | 1 | 0 |
_aBeisbol / _cRafael Zúñiga Peña. |
| 260 |
_aMadrid : _bAlhambra, _c1986. |
||
| 300 |
_a133 p. : _bil. |
||
| 440 | 0 |
_aDeporte y sociedad ; _v18 |
|
| 650 | 4 |
_aBEISBOL _92934 |
|
| 905 | _aLibro | ||
| 999 |
_c5540 _d5540 |
||